| 000 | 00541nam a2200193 a 4500 | ||
|---|---|---|---|
| 001 | 13517 | ||
| 005 | 20180713201913.0 | ||
| 008 | 140415s1994 mx 000 0 spa d | ||
| 041 | _aspa | ||
| 082 |
_a152 _bBEN |
||
| 100 | 1 | _aBENDER, LAURETTA | |
| 245 | 1 | 0 | _aTEST GUESTALTICO VISOMOTOR USOS Y APLICACIONES CLINICAS |
| 250 | _a1a ed. | ||
| 260 |
_aMEXICO : _bPAIDOS, _c1994 |
||
| 300 | _a260 | ||
| 490 |
_aBIBLIOTECA DE PSICOMETRIA Y PSICODIAGNOSTICO _v10 |
||
| 650 | 1 | 4 | _aPRUEBA GESTALT |
| 700 | 1 |
_aCANELLI, DELIA _etr. |
|
| 999 |
_c13517 _d13517 |
||